000 01123nam a2200277 a 4500
001 BRCA_5297
005 20190320205024.0
008 021210m19301932nyua######---#000-0#eng-#
041 _aeng
044 _anyu
050 4 _aNB25.N8
_b.H57 1 1930
100 1 _aGilman, Beatrice Irene
_913581
245 1 0 _aCatalogue of sculpture
_bin the collection of the Hispanic Society of America
_ccompiled by Beatrice I. Gilman.
260 _aNueva York
_bThe Hispanic Society of America
_c1930-1932
300 _a2 v.
_bil., láminas
_c19 cm.
440 0 _aHispanic notes & monographs: essays, studies, and brief biographies issued by the Hispanic Society of America
_97657
500 _aIncluye índice alfabético
500 _aEstado físico: perdida de plano de la cabeza del lomo v.1 ; desprendimiento parcial del lomo v.2
500 _aVer también M63
500 _aM7
505 0 _aContenido: v.1. Thirteenth to fifteenth centuries. -- v.2. Sixteenth to eigteenth cernturies
650 1 4 _aEscultura
_xColeccionistas y colecciones
_913582
650 1 4 _aEscultura
_xCatálogos
_913583
902 _aGFM
942 _2lcc
_cB
999 _c4991
_d4991